Normal view MARC view
  • Amo, Tomás del

Entry Nombre Personal

Number of records used in: 2

001 - NUMERO DE CONTROL

  • campo de control: 44281

003 - IDENTIFICADOR DE NUMERO DE CONTROL

  • campo de control: DLC

005 - FECHA Y HORA DE LA ÜLTIMA TRANSACCIÓN

  • campo de control: 20220506090457.0

008 - DATOS DE LONGITUD FIJA

  • campo de control de longitud fija: 220506n| acannaabn |a aaa c

010 ## - NÚMERO DE CONTROL DE LA BIBLIOTECA DEL CONGRESO

  • Número de control LC: no2009007140

035 ## - NUMERO DE CONTROL

  • Número de control: (OCoLC)oca07988608

040 ## - FUENTE DE CATALOGACIÓN

  • Agencia original de catalogación: MXMxUNAM
  • Lenguaje de catalogación: spa
  • Agencia de transcripción: MXMxUNAM
  • Agencia que lo modifica: MX-MxUPN

100 1# - ENCABEZAMIENTO - NOMBRE PERSONAL

  • Nombre personal: Amo, Tomás del
  • Fuller form of name: (Amo Martín)

400 1# - VEÁSE - NOMBRE DE PERSONA

  • Personal name: Del Amo, Tomás
  • Fuller form of name: (Del Amo Martín)

400 1# - VEÁSE - NOMBRE DE PERSONA

  • Personal name: Amo Martín, Tomás del

400 1# - VEÁSE - NOMBRE DE PERSONA

  • Personal name: Martín, Tomás del Amo

400 1# - VEÁSE - NOMBRE DE PERSONA

  • Personal name: Del Amo Martín, Tomás

670 ## - FUENTE EN LA QUE SE LOCALIZARON DATOS

  • Cita de la fuente: El aprendizaje y la memoria, 1985:
  • Información localizada: portada (Tomás del Amo)

670 ## - FUENTE EN LA QUE SE LOCALIZARON DATOS

  • Cita de la fuente: Diccionario Oxford de la mente, 1995:
  • Información localizada: portada (Tomás del Amo Martín)

902 ## - CATALOGADOR

  • Catalogador: NDAF/220506